00424nam a2200145 4500003001100000005001700011008004100028040003900069082001300108100002100121245003800142260004900180300003000229650001900259LK-CoMWRAF20230906185035.0230906b1960 |||||||| |||| 00| 0 eng d aLK-CoMWRAFdLK-CoMWRAFeLK-CoMWRAF a823bGUG aGuggenheim, Hans aThe World of wonderful difference aNew York :bFriendly house publishers,c1960 aunpaged. illus. 19x26 cm. aChildren story